000 00338 a2200157 4500
001 45272
020 _a8576750430
040 _cAnchieta - Aquarius
100 _aPrieto, Heloisa
240 1 0 _aA vida é um palco
_lpor
245 1 0 _aA vida é um palco
300 _a61
362 0 _a2006
650 4 _aLiteratura juvenil
942 _cBK
999 _c45272
_d45272